Die besten Torschützen im Kalenderjahr 2024 - Statistiken

Allgemein
  • Dieses Quiz wurde 88 mal gespielt
  • Das Durchschnittsergebnis liegt bei 10 aus 26
Antwortstatistiken
# Tore Position Spieler % Korrekt
2. 49 ST Erling Haaland
95%
3. 46 ST Harry Kane
93%
7. 39 ST Kylian Mbappe
89%
8. 34 LA Vinicius Jr.
81%
4. 42 ST Robert Lewandowski
80%
10. 33 RA Mohamed Salah
76%
1. 62 ST Viktor Gyökeres
73%
14. 29 ST Serhou Guirassy
71%
21. 28 OM Florian Wirtz
53%
20. 28 ST Lautaro Martinez
53%
25. 26 OM Jamal Musiala
49%
22. 27 OM/ST Kai Havertz
40%
12. 31 OM/RA Cole Palmer
37%
17. 28 LA/RA Raphinha
31%
9. 33 ST Alexander Isak
24%
5. 41 ST Jonathan David
23%
18. 28 ST Benjamin Sesko
21%
26. 26 ST Artem Dovbyk
11%
19. 28 OM/ST Ademola Lookman
8%
16. 28 ST Luuk de Jong
7%
13. 30 ST Alexander Sørloth
3%
24. 26 ST Georges Mikautadze
3%
6. 40 ST Ayoub El Kaabi
0%
15. 29 ST Kevin Denkey
0%
11. 33 ST Krzysztof Piatek
0%
23. 26 ST Youssef En-Nesyri
0%
Keine übereinstimmenden Quizze gefunden
Verteilung der Resultate
Anzahl Personen mit jedem Resultat
Perzentil nach korrekt beantworteten Fragen
Ihre Resultats-Entwicklung
Sie haben dieses Quiz noch nicht gespielt